Environmental economics and natural resource management /

Saved in:
Bibliographic Details
Main Author: Anderson, David A.
Format: Book
Published: New York : Routledge, 2010.
Edition:3rd ed.
Subjects:
Tags: Add Tag
No Tags, Be the first to tag this record!

MARC

LEADER 00000cam a2200000 a 4500
020 |a 9780415779043  |c TZs 72599/= 
040 |a MUL  |b eng.  |e AACR 
082 0 0 |a 333.7 AND 
100 1 |a Anderson, David A. 
245 1 0 |a Environmental economics and natural resource management /  |c David A. Anderson. 
250 |a 3rd ed. 
260 |a New York :  |b Routledge,  |c 2010. 
300 |a xviii, 428 p. :  |b col. ill. ;  |c 24 cm. 
504 |a Includes bibliographical references and index. 
546 |a eng. 
650 0 |a Environmental economics. 
650 0 |a Natural resources 
942 |c BK 
999 |c 8166  |d 8166